| 000 | 00402nam a22001697a 4500 | ||
|---|---|---|---|
| 003 | OSt | ||
| 005 | 20240305125137.0 | ||
| 008 | 170920b xxu||||| |||| 00| 0 eng d | ||
| 020 | _a978-8182838048 | ||
| 040 | _cSEROSOFT | ||
| 100 | _aKUMAR,PRADEEP | ||
| 245 | _aTEXT BOOK OF THERMAL ENGINEERING | ||
| 250 | _a3RD | ||
| 260 |
_aMEERUT _bKRISHNA GROUP _c2017 |
||
| 300 | _aK.32 | ||
| 942 |
_2ddc _c02 _e3RD |
||
| 999 |
_c40533 _d40533 |
||